[Event "Open Hradec Kralove 2018"]
[Site "Hradec Kralove"]
[Date "2018.09.30"]
[Round "1"]
[White "Plischki, Sebastian"]
[Black "Mc Aleenan, Charles"]
[Result "1-0"]
[WhiteElo "2430"]
[BlackElo "1760"]
[PlyCount "65"]
[EventDate "2018.09.30"]

1. c4 d6 2. Nc3 e5 3. Nf3 f5 4. d4 e4 5. Ng5 c6 6. g3 Be7 7. Nh3 Nf6 8. Bg2 O-O
9. O-O Na6 10. d5 Nc7 11. f3 cxd5 12. cxd5 exf3 13. exf3 b5 14. a3 a5 15. Nf4
Rb8 16. Re1 Re8 17. Be3 Bd7 18. b4 a4 19. Qd3 Qc8 20. Ba7 Rb7 21. Bd4 Qd8 22.
Re2 Bf8 23. Rae1 Rxe2 24. Rxe2 Rb8 25. Ne6 Bxe6 26. dxe6 g6 27. f4 Be7 28. Ba7
Qc8 29. Bxb8 Qxb8 30. Bf3 h5 31. Kg2 Ng4 32. h3 Nf6 33. g4 1-0

[Event "Open Hradec Kralove 2018"]
[Site "Hradec Kralove"]
[Date "2018.09.30"]
[Round "1"]
[White "Svoboda, Frantisek"]
[Black "Cerveny, Martin"]
[Result "0-1"]
[WhiteElo "1760"]
[BlackElo "2329"]
[PlyCount "70"]
[EventDate "2018.09.30"]

1. c4 e5 2. g3 Nf6 3. Bg2 Nc6 4. Nc3 Bc5 5. a3 a5 6. e3 d6 7. Nge2 Bg4 8. O-O
Qd7 9. Nb5 e4 10. d4 exd3 11. Qxd3 Ne5 12. Qc2 Bf3 13. h3 h5 14. Nbd4 Bxd4 15.
exd4 Bxg2 16. Kxg2 Qc6+ 17. f3 Qxc4 18. Qxc4 Nxc4 19. b3 Nb6 20. Re1 Kd7 21.
Nc3 a4 22. b4 Nfd5 23. Nxd5 Nxd5 24. Bd2 Rhe8 25. Kf2 b5 26. Re4 f5 27. Rxe8
Rxe8 28. Re1 Nb6 29. Rd1 Kc6 30. Be3 Kd5 31. Bc1 Kc4 32. Rd2 Kb3 33. Rb2+ Kc3
34. Rd2 Nc4 35. Rd1 Kc2 0-1

[Event "Open Hradec Kralove 2018"]
[Site "Hradec Kralove"]
[Date "2018.09.30"]
[Round "1"]
[White "Neckar, Lubomir"]
[Black "Pawicka, Magdalena"]
[Result "1-0"]
[WhiteElo "2281"]
[BlackElo "1739"]
[PlyCount "55"]
[EventDate "2018.09.30"]

1. Nf3 Nf6 2. g3 e6 3. Bg2 d5 4. d4 Be7 5. c4 c6 6. O-O O-O 7. Nc3 Nbd7 8. Qd3
b6 9. e4 Ba6 10. b3 Rc8 11. Rd1 dxe4 12. Nxe4 Nxe4 13. Qxe4 Nf6 14. Qe2 Qc7 15.
Ne5 c5 16. Bf4 Bd6 17. dxc5 bxc5 18. Rxd6 Qxd6 19. Ng6 Qb6 20. Nxf8 Rxf8 21.
Rd1 Rd8 22. Be3 Nd7 23. Qd3 Bc8 24. Qd6 Qa5 25. Bc6 h6 26. Bxc5 a6 27. b4 Qxa2
28. Qe7 1-0

[Event "Open Hradec Kralove 2018"]
[Site "Hradec Kralove"]
[Date "2018.09.30"]
[Round "1"]
[White "Berger, Volkmar"]
[Black "Jirasek, Pavel"]
[Result "0-1"]
[WhiteElo "1738"]
[BlackElo "2249"]
[PlyCount "44"]
[EventDate "2018.09.30"]

1. d4 Nf6 2. Nf3 e6 3. g3 b6 4. Bg2 Bb7 5. O-O Be7 6. c4 O-O 7. Nc3 d6 8. Qc2
c5 9. dxc5 bxc5 10. e4 Nc6 11. a3 Rb8 12. Bg5 h6 13. Be3 Ba6 14. Rfd1 Bxc4 15.
Bxc5 Bb3 16. Qe2 Bxd1 17. Rxd1 Qc7 18. Bxd6 Bxd6 19. Nb5 Rxb5 20. Qxb5 Rb8 21.
Qc4 Ne5 22. Nxe5 Bxe5 0-1

[Event "Open Hradec Kralove 2018"]
[Site "Hradec Kralove"]
[Date "2018.09.30"]
[Round "1"]
[White "Toman, Jaroslav"]
[Black "Vitova, Anna"]
[Result "1-0"]
[WhiteElo "2232"]
[BlackElo "1734"]
[PlyCount "73"]
[EventDate "2018.09.30"]

1. d4 Nf6 2. Bf4 e6 3. Nd2 d5 4. e3 c5 5. c3 Bd6 6. Bxd6 Qxd6 7. Bd3 Nc6 8.
Ngf3 O-O 9. Qe2 Re8 10. O-O-O Bd7 11. dxc5 Qxc5 12. e4 Nb4 13. Nb3 Nxd3+ 14.
Rxd3 Qb6 15. e5 Ne4 16. Nfd4 Ba4 17. Nd2 Bb5 18. Nxb5 Nxf2 19. Rf1 Nxd3+ 20.
Qxd3 Qa6 21. Rf3 Re7 22. Kb1 Qb6 23. Nd4 Rc8 24. Rh3 h6 25. g4 Rec7 26. Ka1 Kf8
27. Qh7 Qa5 28. Qh8+ Ke7 29. Qxg7 Rxc3 30. bxc3 Rxc3 31. N4b3 Qc7 32. Rxc3
Qxc3+ 33. Kb1 a5 34. Qf6+ Ke8 35. Qh8+ Kd7 36. Qb8 Qd3+ 37. Kb2 1-0

[Event "Open Hradec Kralove 2018"]
[Site "Hradec Kralove"]
[Date "2018.09.30"]
[Round "1"]
[White "Macek, Ondrej"]
[Black "Piankov, Evgenij"]
[Result "0-1"]
[WhiteElo "1713"]
[BlackElo "2218"]
[PlyCount "92"]
[EventDate "2018.09.30"]

1. c4 c6 2. g3 d5 3. Bg2 g6 4. d4 Bg7 5. e3 Nf6 6. Nc3 dxc4 7. Qa4 Be6 8. Nge2
Nd5 9. e4 Nxc3 10. bxc3 Nd7 11. Nf4 Nf6 12. Qc2 Bc8 13. O-O O-O 14. Be3 Qc7 15.
a4 Nd7 16. Ne2 e5 17. f4 f6 18. Rab1 Rb8 19. dxe5 fxe5 20. Bxa7 Ra8 21. Be3 Qa5
22. Bh3 Qxa4 23. Qxa4 Rxa4 24. Bxd7 Bxd7 25. Rxb7 Bh3 26. Rfb1 Bg4 27. Kf2 Bh6
28. Rb8 Ra2 29. Rxf8+ Bxf8 30. Re1 Rc2 31. fxe5 Kf7 32. Kf1 Bxe2+ 33. Rxe2 Rxc3
34. Rf2+ Ke6 35. Bd2 Rc2 36. Rxf8 Rxd2 37. Rf6+ Kxe5 38. Rxc6 Rc2 39. Rc7 h5
40. Re7+ Kd6 41. Rg7 Rxh2 42. Rxg6+ Ke5 43. Rg8 c3 44. Rc8 Kd4 45. e5 c2 46.
Kg1 Rd2 0-1

[Event "Open Hradec Kralove 2018"]
[Site "Hradec Kralove"]
[Date "2018.09.30"]
[Round "1"]
[White "Bartos, Jan"]
[Black "Starosta, Martyna"]
[Result "1-0"]
[WhiteElo "2216"]
[BlackElo "1700"]
[PlyCount "89"]
[EventDate "2018.09.30"]

1. d4 Nf6 2. c4 g6 3. Nc3 d5 4. Bg5 dxc4 5. e4 Bg7 6. Bxc4 c6 7. h3 Qa5 8. Qd2
b5 9. Bd3 h6 10. Be3 Na6 11. Nf3 Bb7 12. O-O Rd8 13. a3 g5 14. Rfc1 Rc8 15. e5
Nd7 16. e6 fxe6 17. Bg6+ Kf8 18. b4 Qb6 19. Ra2 Bf6 20. Qd3 Rg8 21. Rac2 Qd8
22. Bh5 Rg7 23. Qe4 Nc7 24. Nh2 e5 25. Ng4 exd4 26. Bxd4 Bxd4 27. Qxd4 Ne6 28.
Qxa7 Rb8 29. Ne3 Nf4 30. Bf3 Ne5 31. Be4 Ba8 32. Rd1 Qe8 33. Rcd2 Nf7 34. Nf5
Rg8 35. Rd7 Ng6 36. Ne2 Nfe5 37. Rc7 Rd8 38. Rxd8 Qxd8 39. Ned4 Ke8 40. Nxc6
Qd1+ 41. Kh2 Kf7 42. Rxe7+ Kf6 43. Ncd4 Nf4 44. Re6+ Nxe6 45. Qe7+ 1-0

[Event "Open Hradec Kralove 2018"]
[Site "Hradec Kralove"]
[Date "2018.09.30"]
[Round "1"]
[White "Krasa, Marek"]
[Black "Hoerr, Matthias"]
[Result "0-1"]
[WhiteElo "1699"]
[BlackElo "2208"]
[PlyCount "60"]
[EventDate "2018.09.30"]

1. d4 Nf6 2. Nf3 e6 3. c4 b6 4. e3 Bb7 5. a3 c5 6. Nc3 cxd4 7. Qxd4 Be7 8. Be2
O-O 9. O-O Nc6 10. Qd1 Rc8 11. b3 Qc7 12. Bb2 Rfd8 13. Nb5 Qb8 14. Nfd4 a6 15.
Nc3 Nxd4 16. Qxd4 Bc6 17. Rfd1 b5 18. cxb5 axb5 19. b4 Qb7 20. f3 Ne8 21. Kh1
Bf6 22. Qd2 d5 23. Na2 Bxb2 24. Qxb2 Nd6 25. Nc1 Nf5 26. Qe5 Qb6 27. Rd3 Ba8
28. e4 dxe4 29. fxe4 Qf2 30. Rf3 Rd1+ 0-1

[Event "Open Hradec Kralove 2018"]
[Site "Hradec Kralove"]
[Date "2018.09.30"]
[Round "1"]
[White "Zaehringer, Daniel"]
[Black "Burdilak, Milan"]
[Result "1-0"]
[WhiteElo "2110"]
[BlackElo "1690"]
[PlyCount "61"]
[EventDate "2018.09.30"]

1. d4 d5 2. c4 e6 3. Nc3 Nf6 4. cxd5 exd5 5. Bg5 c6 6. e3 Nbd7 7. Bd3 Be7 8.
Qc2 a6 9. Nge2 h6 10. Bh4 O-O 11. O-O Re8 12. f3 c5 13. Kh1 c4 14. Bf5 Nb6 15.
Rad1 Bd6 16. Bxc8 Rxc8 17. e4 Be7 18. e5 Nh7 19. Bxe7 Qxe7 20. f4 f6 21. Ng3
fxe5 22. dxe5 Rcd8 23. Qf2 Qc7 24. Nf5 Qc6 25. Qg3 Rd7 26. a4 Re6 27. Nd4 Rg6
28. Nxc6 Rxg3 29. Ne7+ Rxe7 30. hxg3 g5 31. Nxd5 1-0

[Event "Open Hradec Kralove 2018"]
[Site "Hradec Kralove"]
[Date "2018.09.30"]
[Round "1"]
[White "Brhlik, Antonin"]
[Black "Valenti, Richard"]
[Result "1/2-1/2"]
[WhiteElo "1649"]
[BlackElo "2037"]
[PlyCount "42"]
[EventDate "2018.09.30"]

1. e4 Nc6 2. Nf3 d6 3. d4 Nf6 4. Nc3 g6 5. Be2 Bg7 6. O-O O-O 7. Bg5 h6 8. Bh4
g5 9. Bg3 Nh5 10. h3 g4 11. hxg4 Nxg3 12. fxg3 Bxg4 13. d5 Bxf3 14. gxf3 Nd4
15. Kg2 e6 16. f4 exd5 17. Nxd5 Re8 18. Bd3 c6 19. Ne3 f5 20. Nxf5 Nxf5 21.
exf5 Qb6 1/2-1/2

[Event "Open Hradec Kralove 2018"]
[Site "Hradec Kralove"]
[Date "2018.09.30"]
[Round "1"]
[White "Clark, Robert G"]
[Black "Thierry, Rein"]
[Result "1-0"]
[WhiteElo "2025"]
[BlackElo "1646"]
[PlyCount "59"]
[EventDate "2018.09.30"]

1. e4 d5 2. exd5 Qxd5 3. Nc3 Qe5+ 4. Be2 c6 5. Nf3 Qc7 6. d4 Nf6 7. O-O Bf5 8.
Bg5 e6 9. Bd3 Bg6 10. Re1 Nbd7 11. Qe2 Nd5 12. Nxd5 cxd5 13. Rac1 Bxd3 14. Qxd3
Rc8 15. Qf5 Qd6 16. Bf4 Qe7 17. Qd3 Qb4 18. b3 Qc3 19. Qb5 Qc6 20. Qa5 Qb6 21.
Qxd5 Nf6 22. Qe5 Nd7 23. Qe2 Bb4 24. c3 Bd6 25. Be3 Qa5 26. c4 Qc7 27. d5 Ne5
28. Nxe5 Bxe5 29. dxe6 Bxh2+ 30. Kh1 1-0

[Event "Open Hradec Kralove 2018"]
[Site "Hradec Kralove"]
[Date "2018.09.30"]
[Round "1"]
[White "Ricar-Sen., Jiri"]
[Black "Rokos, Filip"]
[Result "1/2-1/2"]
[WhiteElo "1588"]
[BlackElo "1962"]
[PlyCount "88"]
[EventDate "2018.09.30"]

1. e4 e6 2. b3 d5 3. exd5 exd5 4. Bb2 Nf6 5. Be2 Be7 6. Nf3 O-O 7. c4 Re8 8.
Nc3 dxc4 9. bxc4 c5 10. O-O Nc6 11. a3 Bg4 12. Ne1 Bf5 13. Nf3 Qd7 14. Ra2 Rad8
15. Bc1 Bd6 16. d3 h6 17. Be3 b6 18. Qc1 Bb8 19. Nh4 Bxd3 20. Rd2 Qc7 21. g3
Bxe2 22. Rxe2 Qc8 23. Bxh6 Rxe2 24. Bxg7 Re6 25. Qg5 Nh7 26. Qg4 Re1 27. Nf5
Rxf1+ 28. Kxf1 Qxf5 29. Qxf5 Kxg7 30. Nd5 Be5 31. f4 Bb2 32. Qg4+ Kh8 33. Qh5
Kg8 34. f5 b5 35. Qe2 bxc4 36. Nf4 c3 37. Nh5 Kf8 38. Qc4 Nd4 39. Qxc5+ Kg8 40.
Qe5 Kf8 41. Qh8+ Ke7 42. Qe5+ Kf8 43. Qg7+ Ke7 44. Qe5+ Kf8 1/2-1/2

[Event "Open Hradec Kralove 2018"]
[Site "Hradec Kralove"]
[Date "2018.09.30"]
[Round "1"]
[White "Gloser, David"]
[Black "Zdechovsky, Tobias"]
[Result "1/2-1/2"]
[WhiteElo "1940"]
[BlackElo "1578"]
[PlyCount "108"]
[EventDate "2018.09.30"]

1. e4 c5 2. Ne2 Nc6 3. g3 g6 4. Bg2 Bg7 5. c3 e5 6. d3 d6 7. Be3 Qb6 8. Na3 Be6
9. Qd2 a5 10. O-O Nge7 11. Nc4 Bxc4 12. dxc4 Rd8 13. Qc2 O-O 14. Rad1 Qa6 15.
b3 b5 16. cxb5 Qxb5 17. f4 Qb7 18. fxe5 Nxe5 19. Nf4 Qc7 20. Nd5 Nxd5 21. Rxd5
Rb8 22. Rfd1 Rfd8 23. Qd2 Bf6 24. Rxd6 Ng4 25. Bf4 Qa7 26. Bf3 Rxd6 27. Qxd6
c4+ 28. Kh1 Rd8 29. Qxd8+ Bxd8 30. Rxd8+ Kg7 31. Bxg4 Qf2 32. Bh3 Qe1+ 33. Kg2
Qxe4+ 34. Kg1 cxb3 35. axb3 Qe1+ 36. Bf1 Qxc3 37. Rd3 Qc5+ 38. Be3 Qc6 39. Rd4
Qc3 40. Rd3 Qc6 41. Bd4+ Kh6 42. Bf2 a4 43. b4 Qb7 44. Bc5 f5 45. Ra3 Qc6 46.
Be3+ Kg7 47. b5 Qe4 48. b6 Qb4 49. Ra1 Qc3 50. Bf2 Qxa1 51. Kg2 Qb1 52. Ba6 a3
53. b7 Qe4+ 54. Kh3 Qg4+ 1/2-1/2

[Event "Open Hradec Kralove 2018"]
[Site "Hradec Kralove"]
[Date "2018.09.30"]
[Round "1"]
[White "Kudr, Roman"]
[Black "Voriskova, Anna"]
[Result "1-0"]
[WhiteElo "1909"]
[BlackElo "1563"]
[PlyCount "49"]
[EventDate "2018.09.30"]

1. d4 Nf6 2. Nf3 e6 3. Nbd2 d5 4. e3 Be7 5. Bd3 O-O 6. O-O Re8 7. b3 b6 8. Qe2
Bb7 9. Bb2 Nbd7 10. c4 c5 11. Ne5 Bf8 12. Ndf3 cxd4 13. exd4 dxc4 14. bxc4 Nxe5
15. dxe5 Nd7 16. Rfd1 Qc7 17. Bxh7+ Kh8 18. Ng5 Be7 19. Nxf7+ Kxh7 20. Qh5+ Kg8
21. Rd3 Be4 22. Rf3 Bh7 23. Nd6 Rf8 24. Rh3 Bxd6 25. exd6 1-0

[Event "Open Hradec Kralove 2018"]
[Site "Hradec Kralove"]
[Date "2018.09.30"]
[Round "1"]
[White "Sedlacek, Jan"]
[Black "Svec, Ludek"]
[Result "1-0"]
[WhiteElo "1874"]
[BlackElo "1537"]
[PlyCount "49"]
[EventDate "2018.09.30"]

1. e4 c5 2. Nf3 e6 3. d4 cxd4 4. Nxd4 Nf6 5. Bd3 Nc6 6. Nxc6 bxc6 7. O-O e5 8.
c4 d6 9. Nc3 Be7 10. b4 O-O 11. b5 c5 12. a4 Ne8 13. f4 exf4 14. Bxf4 Bf6 15.
Rc1 Bd4+ 16. Kh1 Nc7 17. Ne2 Ne6 18. Nxd4 Nxd4 19. Be3 Ne6 20. Qh5 f6 21. e5 g6
22. Bxg6 hxg6 23. Qxg6+ Kh8 24. Rf3 Nd4 25. Qh5+ 1-0

[Event "Open Hradec Kralove 2018"]
[Site "Hradec Kralove"]
[Date "2018.09.30"]
[Round "1"]
[White "Kratochvilova, Kristyna"]
[Black "Bartos, Karel"]
[Result "1/2-1/2"]
[WhiteElo "1364"]
[BlackElo "1843"]
[PlyCount "40"]
[EventDate "2018.09.30"]

1. c4 Nf6 2. Nc3 e6 3. g3 d5 4. b3 c6 5. Bg2 Be7 6. Nf3 O-O 7. O-O Nbd7 8. d4
Ne4 9. Qd3 f5 10. Bf4 Ndf6 11. Ne5 Bd7 12. Qc2 Be8 13. Na4 Nd7 14. Kh1 Bh5 15.
f3 Nef6 16. Nd3 Bg6 17. Nac5 Nxc5 18. Nxc5 Qc8 19. e3 Rd8 20. Qe2 Bd6 1/2-1/2

[Event "Open Hradec Kralove 2018"]
[Site "Hradec Kralove"]
[Date "2018.09.30"]
[Round "1"]
[White "Gensch, Manfred"]
[Black "Smietanska, Wiktoria"]
[Result "1/2-1/2"]
[WhiteElo "1836"]
[BlackElo "1315"]
[PlyCount "57"]
[EventDate "2018.09.30"]

1. e4 c6 2. d4 d5 3. Nc3 dxe4 4. Nxe4 Bf5 5. Ng3 Bg6 6. Nf3 Nd7 7. h4 h6 8. h5
Bh7 9. Bd3 Bxd3 10. Qxd3 e6 11. Bf4 Qa5+ 12. Bd2 Qc7 13. O-O-O Ngf6 14. Ne4
O-O-O 15. Kb1 Nxe4 16. Qxe4 Bd6 17. c4 c5 18. Rh3 Nf6 19. Qe2 Rhe8 20. Be3 Qc6
21. Ka1 Kb8 22. a3 Rc8 23. Ne5 Bxe5 24. dxe5 Nd7 25. f4 Red8 26. Rg3 Rg8 27.
Qd3 Nb6 28. b3 Rgd8 29. Qxd8 1/2-1/2

[Event "Open Hradec Kralove 2018"]
[Site "Hradec Kralove"]
[Date "2018.09.30"]
[Round "1"]
[White "Landsmannova, Marie"]
[Black "Mares, Ilja"]
[Result "1-0"]
[WhiteElo "1251"]
[BlackElo "1803"]
[PlyCount "27"]
[EventDate "2018.09.30"]

1. e4 d6 2. Nf3 Nf6 3. Nc3 g6 4. d4 Bg7 5. Be3 O-O 6. Qd2 Ng4 7. Bf4 Nc6 8. h3
Nf6 9. Bh6 e5 10. Bxg7 Kxg7 11. O-O-O Bd7 12. g4 a6 13. dxe5 dxe5 14. g5 1-0

[Event "Open Hradec Kralove 2018"]
[Site "Hradec Kralove"]
[Date "2018.10.01"]
[Round "2"]
[White "Bensadi, Lotfi"]
[Black "Plischki, Sebastian"]
[Result "0-1"]
[WhiteElo "1925"]
[BlackElo "2430"]
[PlyCount "66"]
[EventDate "2018.09.30"]

1. e4 c5 2. Nf3 d6 3. d4 cxd4 4. Nxd4 Nf6 5. Nc3 a6 6. Be2 e5 7. Nb3 Be7 8. Be3
Be6 9. O-O Nbd7 10. a4 Rc8 11. Qd2 Nb6 12. Na5 Qc7 13. Rfd1 O-O 14. Qe1 Rfd8
15. Bxb6 Qxb6 16. Nd5 Bxd5 17. exd5 Rxc2 18. Nc4 Qc5 19. b4 Qc7 20. Bd3 Rxc4
21. Bxc4 Qxc4 22. Rac1 Qb3 23. Rc7 Rd7 24. Rdc1 Qxa4 25. f4 e4 26. Qd2 Qb5 27.
Rc8+ Rd8 28. Qd4 h5 29. h3 Kh7 30. R8c7 Qxd5 31. Qb6 Re8 32. Rxb7 e3 33. Ra7
Qd2 0-1

[Event "Open Hradec Kralove 2018"]
[Site "Hradec Kralove"]
[Date "2018.10.01"]
[Round "2"]
[White "Cerveny, Martin"]
[Black "Kudr, Roman"]
[Result "1-0"]
[WhiteElo "2329"]
[BlackElo "1909"]
[PlyCount "67"]
[EventDate "2018.09.30"]

1. d4 d5 2. c4 c6 3. Nf3 Nf6 4. e3 Bg4 5. cxd5 cxd5 6. Qb3 Qb6 7. Ne5 Qxb3 8.
axb3 Bd7 9. Nc3 e6 10. Bd2 Bb4 11. f3 O-O 12. Na4 Bxd2+ 13. Kxd2 Bxa4 14. bxa4
Rc8 15. Bb5 a6 16. Rhc1 Nc6 17. Bxc6 bxc6 18. Nxc6 Kf8 19. Rc3 Ne8 20. Rac1 Nd6
21. b3 Ke8 22. Kd3 f6 23. e4 dxe4+ 24. fxe4 Kd7 25. e5 Ne8 26. Na5 Rxc3+ 27.
Rxc3 Nc7 28. Rc6 Ne8 29. b4 Rb8 30. Kc4 Rc8 31. Kc5 Rxc6+ 32. Nxc6 Kc7 33. b5
axb5 34. axb5 1-0

[Event "Open Hradec Kralove 2018"]
[Site "Hradec Kralove"]
[Date "2018.10.01"]
[Round "2"]
[White "Nemec, Otakar"]
[Black "Neckar, Lubomir"]
[Result "0-1"]
[WhiteElo "1886"]
[BlackElo "2281"]
[PlyCount "96"]
[EventDate "2018.09.30"]

1. e4 Nf6 2. e5 Nd5 3. d4 d6 4. Nf3 g6 5. c4 Nb6 6. exd6 cxd6 7. h3 Bg7 8. Nc3
O-O 9. Be2 Nc6 10. O-O Bf5 11. Be3 d5 12. c5 Nc4 13. Bxc4 dxc4 14. Qa4 Bd3 15.
Rfd1 Qe8 16. Ne1 Nxd4 17. Qxe8 Rfxe8 18. Nxd3 cxd3 19. Rxd3 Nc2 20. Rad1 Rac8
21. Rd7 Nxe3 22. fxe3 Bxc3 23. bxc3 Rxc5 24. Rxb7 Rxc3 25. Rxa7 Rxe3 26. Kf2
Re5 27. Re1 Rxe1 28. Kxe1 f5 29. Ke2 Kf7 30. Ke3 Rc8 31. a4 Rc3+ 32. Kf2 Ra3
33. a5 h6 34. a6 g5 35. Ra8 f4 36. a7 Ke6 37. Rh8 Rxa7 38. Rxh6+ Kf5 39. Rb6 e5
40. Rb8 Ra2+ 41. Kf1 e4 42. Rb5+ Kg6 43. Rb8 e3 44. Rc8 Ra1+ 45. Ke2 Rg1 46.
Rg8+ Kf6 47. Kf3 Rf1+ 48. Kg4 e2 0-1

[Event "Open Hradec Kralove 2018"]
[Site "Hradec Kralove"]
[Date "2018.10.01"]
[Round "2"]
[White "Jirasek, Pavel"]
[Black "Moeckel, Jens"]
[Result "1-0"]
[WhiteElo "2249"]
[BlackElo "1882"]
[PlyCount "62"]
[EventDate "2018.09.30"]

1. e4 {[%emt 0:00:00]} g6 2. d4 Bg7 3. Nc3 d6 4. Be3 Nc6 5. Nf3 Nf6 6. d5 Ne5
7. Nxe5 dxe5 8. Qd2 Ng4 9. Bg5 f6 10. Bh4 O-O 11. Bc4 Kh8 12. Qe2 f5 13. f3 Nh6
14. O-O-O fxe4 15. Nxe4 Nf5 16. Bg3 Nd4 17. Qe3 b5 18. Bb3 a5 19. a3 a4 20. Ba2
Rb8 21. c3 Nf5 22. Qe2 Nxg3 23. hxg3 Bf5 24. Ng5 h5 25. g4 e6 26. Qe3 Bf6 27.
Nxe6 Bxe6 28. Qh6+ Kg8 29. Qxg6+ Bg7 30. dxe6 Qe7 31. Rd7 Rf6 1-0

[Event "Open Hradec Kralove 2018"]
[Site "Hradec Kralove"]
[Date "2018.10.01"]
[Round "2"]
[White "Kuru, Martin"]
[Black "Toman, Jaroslav"]
[Result "0-1"]
[WhiteElo "1877"]
[BlackElo "2232"]
[PlyCount "49"]
[EventDate "2018.09.30"]

1. d4 d6 2. e3 g6 3. Bd3 Bg7 4. Nf3 e6 5. b3 c5 6. Bb2 Nc6 7. O-O Nge7 8. c3 b6
9. Nbd2 O-O 10. Re1 d5 11. Qe2 Bb7 12. Rad1 Rc8 13. dxc5 bxc5 14. e4 Qa5 15.
Rc1 Qxa2 16. Rc2 Qa5 17. Ra1 Qb6 18. Ba6 Rc7 19. Qb5 Bxa6 20. Qxa6 Rb8 21. Qa4
Rcb7 22. Ra3 Qc7 23. Ba1 Rb5 24. Qa6 R8b6 25. Qa4 0-1

[Event "Open Hradec Kralove 2018"]
[Site "Hradec Kralove"]
[Date "2018.10.01"]
[Round "2"]
[White "Piankov, Evgenij"]
[Black "Sedlacek, Jan"]
[Result "1-0"]
[WhiteElo "2218"]
[BlackElo "1874"]
[PlyCount "61"]
[EventDate "2018.09.30"]

1. Nf3 Nf6 2. g3 g6 3. Bg2 Bg7 4. O-O O-O 5. d4 d5 6. c4 c6 7. Nc3 Bg4 8. Ne5
Be6 9. cxd5 Nxd5 10. e4 Nxc3 11. bxc3 Nd7 12. Nd3 Qa5 13. Qc2 Bc4 14. Rd1 e5
15. Be3 Rfd8 16. Bh3 exd4 17. cxd4 Bxd3 18. Rxd3 c5 19. Rad1 cxd4 20. Bxd4 Bxd4
21. Rxd4 Ne5 22. Rd5 Rxd5 23. exd5 Nf3+ 24. Kh1 Re8 25. Bg4 Re1+ 26. Kg2 Rxd1
27. Qxd1 Nd2 28. Bf3 Qc3 29. d6 Nxf3 30. d7 Ne1+ 31. Kf1 1-0

[Event "Open Hradec Kralove 2018"]
[Site "Hradec Kralove"]
[Date "2018.10.01"]
[Round "2"]
[White "Aird, Ian"]
[Black "Bartos, Jan"]
[Result "0-1"]
[WhiteElo "1857"]
[BlackElo "2216"]
[PlyCount "76"]
[EventDate "2018.09.30"]

1. d4 Nf6 2. Bf4 g6 3. Nc3 c6 4. e4 d5 5. e5 Nh5 6. Be3 Ng7 7. Be2 Nf5 8. Bf4
Qb6 9. Nf3 Qxb2 10. Na4 Qb4+ 11. c3 Qa5 12. Bd2 Qd8 13. O-O Bg7 14. Qc1 h5 15.
Rb1 b6 16. Re1 Ba6 17. Bg5 O-O 18. h3 f6 19. Bf4 g5 20. exf6 exf6 21. Bh2 Re8
22. Bxa6 Nxa6 23. Qc2 Qd7 24. c4 Nd6 25. Bxd6 Qxd6 26. c5 bxc5 27. Nxc5 Nxc5
28. Qxc5 Qxc5 29. dxc5 Bf8 30. Nd4 Bxc5 31. Nxc6 Rxe1+ 32. Rxe1 Kf7 33. Rc1 Bb6
34. a4 Ke6 35. a5 Bc7 36. Nd4+ Kd7 37. Rc6 Re8 38. Rxf6 Re1# 0-1

[Event "Open Hradec Kralove 2018"]
[Site "Hradec Kralove"]
[Date "2018.10.01"]
[Round "2"]
[White "Abdelouhab, Ouaret"]
[Black "Mathisen, Runar"]
[Result "1-0"]
[WhiteElo "2094"]
[BlackElo "1847"]
[PlyCount "61"]
[EventDate "2018.09.30"]

1. Nf3 {[%emt 0:00:00]} c5 2. g3 Nc6 3. c4 e5 4. Nc3 g6 5. Bg2 Bg7 6. d3 d6 7.
a3 Nge7 8. Rb1 f5 9. Qc2 a5 10. Bd2 O-O 11. Qc1 Rb8 12. h4 Nd4 13. Nxd4 cxd4
14. Nd5 f4 15. gxf4 Be6 16. Nxe7+ Qxe7 17. Be4 d5 18. cxd5 Rbc8 19. Qd1 Bg4 20.
Qb3 Kh8 21. f3 Bd7 22. h5 exf4 23. hxg6 h6 24. Kf2 Bf5 25. Bxa5 Bxe4 26. Bb4
Bxd5 27. Qxd5 Qe3+ 28. Kf1 Rfe8 29. Rh2 Rc2 30. Qd7 Qe6 31. Qf7 1-0

[Event "Open Hradec Kralove 2018"]
[Site "Hradec Kralove"]
[Date "2018.10.01"]
[Round "2"]
[White "Majerik, Vladimir"]
[Black "Skorna, Ullrich"]
[Result "1-0"]
[WhiteElo "1847"]
[BlackElo "2090"]
[PlyCount "61"]
[EventDate "2018.09.30"]

1. d4 Nf6 2. Nf3 e6 3. Bg5 c5 4. Bxf6 gxf6 5. c3 b6 6. e3 Bb7 7. Nbd2 Qc7 8.
Qa4 Nc6 9. Ba6 Bxa6 10. Qxa6 cxd4 11. exd4 Rg8 12. g3 Bh6 13. a3 b5 14. Qxb5
Rb8 15. Qd3 Rxb2 16. Nc4 Rb3 17. O-O f5 18. Rfb1 Rxb1+ 19. Rxb1 Ne7 20. Rb7 Qf4
21. Nce5 Qc1+ 22. Kg2 Kf8 23. Nxd7+ Kg7 24. Nde5 Qxa3 25. Nc4 Qa6 26. Rxe7 Rc8
27. Nfe5 Kg8 28. Qe2 Bf8 29. Rd7 Bg7 30. Qh5 Rf8 31. Rxf7 1-0

[Event "Open Hradec Kralove 2018"]
[Site "Hradec Kralove"]
[Date "2018.10.01"]
[Round "2"]
[White "Kaplan, Daniel"]
[Black "Machalec, Vladimir"]
[Result "1-0"]
[WhiteElo "2017"]
[BlackElo "1803"]
[PlyCount "105"]
[EventDate "2018.09.30"]

1. e4 g6 2. d4 Bg7 3. f4 d6 4. Nf3 Nf6 5. Bd3 O-O 6. O-O Nbd7 7. c4 c5 8. d5
Ne8 9. Nc3 Nc7 10. Qe2 e6 11. Bd2 exd5 12. exd5 Re8 13. Qf2 Nf6 14. Rae1 b5 15.
b3 b4 16. Ne4 Nxe4 17. Bxe4 Bg4 18. Qg3 Qd7 19. f5 Rxe4 20. Rxe4 Bxf5 21. Ree1
a5 22. Bf4 Ne8 23. Nh4 Bc3 24. Nxf5 Qxf5 25. Bd2 Bd4+ 26. Be3 Be5 27. Bf4 Bd4+
28. Be3 Be5 29. Qh4 Bf6 30. Qf2 Qxf2+ 31. Rxf2 a4 32. bxa4 Kf8 33. Bh6+ Bg7 34.
Bxg7+ Nxg7 35. g4 f5 36. Kg2 Rxa4 37. Re3 Ra7 38. Kg3 Re7 39. Rxe7 Kxe7 40. g5
Kd7 41. a3 bxa3 42. Ra2 Ne8 43. Rxa3 Nc7 44. Kf4 Kd8 45. Rh3 Na8 46. Rxh7 Nb6
47. Rg7 Nxc4 48. Rxg6 Ke7 49. Rg7+ Ke8 50. Kxf5 Kf8 51. Rc7 Ne3+ 52. Ke6 Ng4
53. h4 1-0

[Event "Open Hradec Kralove 2018"]
[Site "Hradec Kralove"]
[Date "2018.10.01"]
[Round "2"]
[White "Vochozka, Jindrich"]
[Black "Malinovsky, Petr"]
[Result "0-1"]
[WhiteElo "1795"]
[BlackElo "2014"]
[PlyCount "82"]
[EventDate "2018.09.30"]

1. d4 d5 2. c4 e6 3. Nc3 c6 4. cxd5 exd5 5. Bf4 Bd6 6. Bxd6 Qxd6 7. e3 Bf5 8.
Nf3 Nd7 9. Bd3 Bg6 10. Rc1 Ngf6 11. O-O Ne4 12. Nh4 Ndf6 13. g3 Qe6 14. Ng2 O-O
15. Nf4 Qd7 16. f3 Nxc3 17. Rxc3 Rfe8 18. Bxg6 hxg6 19. Kg2 Re7 20. h4 Rae8 21.
Re1 Nh5 22. Nxh5 gxh5 23. Qd3 g6 24. Rc2 Kg7 25. e4 dxe4 26. Rxe4 Rxe4 27. fxe4
Qe6 28. Re2 Qxa2 29. b3 Qa5 30. Qc4 Qd8 31. Rf2 Qd7 32. Rf4 Rd8 33. Kf3 b5 34.
Qc5 Qxd4 35. Qxc6 Qd1+ 36. Kg2 Rd2+ 37. Rf2 Rxf2+ 38. Kxf2 Qd2+ 39. Kf3 Qd1+
40. Kg2 Qxb3 41. e5 Qb2+ 0-1

[Event "Open Hradec Kralove 2018"]
[Site "Hradec Kralove"]
[Date "2018.10.01"]
[Round "2"]
[White "Kolesnikova, Kristina"]
[Black "Berka, Lubos"]
[Result "1-0"]
[WhiteElo "2008"]
[BlackElo "1796"]
[PlyCount "61"]
[EventDate "2018.09.30"]

1. e4 c6 2. c4 d5 3. exd5 cxd5 4. cxd5 Nf6 5. Bb5+ Nbd7 6. Nc3 a6 7. Bxd7+ Bxd7
8. Nge2 Bg4 9. f3 Bf5 10. Qa4+ b5 11. Qd4 g6 12. g4 Bc2 13. g5 Bg7 14. gxf6
Bxf6 15. Qf4 Rc8 16. d4 b4 17. Ne4 Bg7 18. d6 O-O 19. O-O Rc6 20. Bd2 a5 21. a3
b3 22. dxe7 Qxe7 23. Bxa5 Re8 24. Bc3 Qa7 25. Rf2 Rb6 26. d5 f5 27. Bxg7 Kxg7
28. N4c3 Ra6 29. Qd2 Qe7 30. Nd4 Qh4 31. Nxc2 1-0